000 02861nam0a2200457 4500
001 RU\NLR\BIBL_A\012902679
005 20230202162907.0
010 _a978-5-7281-3049-9
_9500
021 _aRU
_bКН-П-22-052537
_9КН-П-22-4566
035 _a(NLR Aleph) 012902679
035 _a(RuMoRGB)011171356
090 _a12586440
_c12586440
100 _a20221005d2022 k y0rusy50 ca
101 0 _arus
_geng
102 _aRU
105 _aa z 000zy
181 1 _ai
_b e
182 1 _an
200 1 _aОбразная память и средства художественной выразительности в истории искусства
_eсборник статей
_f[Российский государственный гуманитарный университет, Факультет истории искусства, Кафедра теории и истории искусства]
_gпод общей редакцией Л. Ю. Лиманской
203 _aТекст
_bвизуальный
_cнепосредственный
210 _aМосква
_cРГГУ
_d2022
215 _a295, [1] с.
_cил.
_d22
300 _aРез. ст. англ.
320 _aБиблиогр. в конце ст.
330 _aМатериалы сборника предназначены для специалистов
606 1 _aХудожественный образ
_jСборники
_xв изобразительном искусстве
_91283620
_3RU\NLR\AUTH\66529776
606 1 _aИскусство
_jСборники
_xВыразительные средства
_92254786
_3RU\NLR\AUTH\661352275
606 1 _aОбразная память
_jСборники
_91723017
_3RU\NLR\AUTH\66769098
686 1 _aЩ,07я43
686 1 _aЩ100.13я43
686 1 _aЮ935.121я43
686 1 _aЮ802.271.2я43
702 1 _aЛиманская
_bЛ. Ю.
_gЛюдмила Юрьевна
_4340
711 1 2 _a"Художественный образ и историческая память: смысловые инверсии и проблемы изучения", конференция
_eМосква
_f2022
_9814290
_3RU\NLR\AUTH\880574067
711 1 2 _a"Свет и тень как средства художественно-эстетической выразительности в истории искусства", конференция
_eМосква
_f2022
_9814292
_3RU\NLR\AUTH\880574068
712 0 2 _4570
_aРоссийский государственный гуманитарный университет
_bКафедра теории и истории искусства
_9814298
_3RU\NLR\AUTH\880574071
942 _cBOOK
980 _aNB